Literary property in the United States.

Bibliographic Details
Main Author: Shaw, Ralph R. (Ralph Robert), 1907-1972
Format: Thesis Book
Language:English
Published: [Washington] Scarecrow Press, 1950.
Subjects:

MARC

Tag First Indicator Second Indicator Subfields
LEADER 00000cam a22000001 4500
001 in00000069465
005 20240221122350.0
008 820128s1950 dcu m 000 0 eng
010 |a  50011418  
016 7 |a CAT10968835  |2 DNAL 
016 7 |a 57621070R  |2 DNLM 
019 |a 1454544 
029 0 |a NLM  |b 57621070R 
029 1 |a AU@  |b 000008152232 
029 1 |a DEBBG  |b BV007401098 
029 1 |a DEBSZ  |b 088662659 
029 1 |a HEBIS  |b 106837974 
029 1 |a NLNZL  |b 999556003502836 
029 1 |a NZ1  |b 6264813 
029 1 |a NZ1  |b 955600 
035 |a (OCoLC)ocm14656440  
035 |a (OCoLC)14656440  |z (OCoLC)1454544 
035 |a (OCoLC)ocm14656440  
040 |a NLM  |b eng  |c NLM  |d DLC  |d DZM  |d UMK  |d UDI  |d AGL  |d BTCTA  |d CRU  |d DEBBG  |d OCLCO  |d OCLCF  |d OCLCQ  |d OCLCO  |d OCL  |d OCLCA  |d LUN  |d OCLCQ  |d OCLCO  |d OCLCQ  |d DCHUA  |d OCLCO  |d OCLCL 
043 |a n-us--- 
050 0 0 |a KF2994  |b .S47 
050 1 4 |a Z642  |b .S43 
060 1 0 |a Z 551  |b S535L 1950 
070 0 |a 311  |b Sh2 
072 0 |a X800 
082 0 |a 655.673 
084 |a PU 5440  |2 rvk 
100 1 |a Shaw, Ralph R.  |q (Ralph Robert),  |d 1907-1972.  |1 https://id.oclc.org/worldcat/entity/E39PBJfmpwHQpXRF3wDPW7QQbd 
245 1 0 |a Literary property in the United States. 
260 |a [Washington]  |b Scarecrow Press,  |c 1950. 
300 |a v, 277 pages 
336 |a text  |b txt  |2 rdacontent 
337 |a unmediated  |b n  |2 rdamedia 
338 |a volume  |b nc  |2 rdacarrier 
500 |a "Copyright law of the United States of America": pages 230-258. 
502 |a "Prepared originally as a doctoral dissertation at the University of Chicago." 
650 0 |a Copyright  |z United States. 
650 7 |a Copyright  |2 fast 
651 7 |a United States  |2 fast  |1 https://id.oclc.org/worldcat/entity/E39PBJtxgQXMWqmjMjjwXRHgrq 
650 7 |a Urheberrecht  |2 gnd 
651 7 |a USA  |2 gnd 
655 2 |a Academic Dissertation 
655 7 |a dissertations.  |2 aat 
655 7 |a Academic theses  |2 fast 
655 7 |a Academic theses.  |2 lcgft 
655 7 |a Thèses et écrits académiques.  |2 rvmgf 
730 0 |a United States. Laws, statutes, etc.  |s Copyright law of the United States of America. 
758 |i has work:  |a Literary property in the United States (Text)  |1 https://id.oclc.org/worldcat/entity/E39PCFxJVKBcgchBHBVFM8Gd8K  |4 https://id.oclc.org/worldcat/ontology/hasWork 
776 0 8 |i Online version:  |a Shaw, Ralph Robert, 1907-  |t Literary property in the United States.  |d [Washington] Scarecrow Press, 1950  |w (OCoLC)555168660 
776 0 8 |i Online version:  |a Shaw, Ralph Robert, 1907-  |t Literary property in the United States.  |d [Washington] Scarecrow Press, 1950  |w (OCoLC)610591858 
938 |a Baker and Taylor  |b BTCP  |n 50011418 
948 |h HELD BY TXA - 215 OTHER HOLDINGS 
994 |a Z0  |b TXA 
999 f f |s 49917a5c-379a-3956-af80-0ff792dee7d9  |i 09e3269b-ad92-3b20-95ca-2ae56583efeb  |t 0 
952 f f |p ric  |a Texas A&M University  |b Rellis Campus  |c Joint Library Facility  |d Remote Storage  |t 0  |e KF2994 .S5  |h Library of Congress classification  |i unmediated -- volume  |m A14803173566 
998 f f |a KF2994 .S5  |t 0  |l Remote Storage